|
|
|
|
| LEADER |
01509nam a2200337 a 4500 |
| 001 |
37011422 |
| 008 |
090617s2003 maua 001 0 eng d |
| 010 |
|
|
|a 97024835
|
| 020 |
|
|
|a 0070486867 (standard ed. : alk. paper)
|
| 020 |
|
|
|a 9780075612711 (standard ed. : alk. paper)
|
| 040 |
|
|
|a DLC
|c DLC
|d C#P
|d BAKER
|d NLGGC
|d YDXCP
|d BTCTA
|d LVB
|d EQF
|
| 082 |
0 |
0 |
|a 658.15
|2 21
|
| 999 |
|
|
|c 1758
|d 1758
|
| 999 |
|
|
|c 1758
|
| 999 |
|
|
|c 1758
|
| 100 |
1 |
|
|a Ross, Stephen A.
|9 700
|
| 245 |
1 |
0 |
|a Fundamentals of corporate finance /
|c Stephen A. Ross, Randoplph W. Westerfield, Bradford D. Jordan.
|
| 250 |
|
|
|a 6th ed., Tata McGraw-Hill ed.
|
| 260 |
|
|
|a Boston;
|a New Dwlhi :
|b Irwin/Tata McGraw-Hill pub. Com. Ltd.,
|c c2003.[reprinted]
|
| 300 |
|
|
|a xxxi, 776 p. :
|b ill. ;
|c 26 cm. +$e1 CD-ROM (4 3/4 in.)
|
| 490 |
1 |
|
|a Series in finance, insurance, and real estate.
|
| 504 |
|
|
|a Includes indexes.
|
| 541 |
1 |
|
|e 00012963
|
| 650 |
|
0 |
|a Corporations
|x Finance.
|9 701
|
| 650 |
1 |
7 |
|a Financieel management.
|2 gtt.
|9 702
|
| 700 |
1 |
|
|a Westerfield, Randolph.
|9 703
|
| 700 |
1 |
|
|a Jordan, Bradford D.
|9 704
|
| 852 |
4 |
|
|a Ayesha Abed Library
|j General Shelf.
|
| 942 |
|
|
|2 ddc
|c BK
|0 1
|
| 952 |
|
|
|0 0
|1 0
|2 ddc
|4 0
|6 658_150000000000000_ROS
|7 0
|9 11744
|a BRACUL
|b BRACUL
|c GEN
|d 2010-08-25
|g 595.00
|l 7
|m 49
|o 658.15 ROS
|p 3010012963
|r 2017-04-10
|s 2017-01-11
|t 1
|w 2010-08-25
|y BK
|
| 952 |
|
|
|0 0
|1 0
|2 ddc
|4 0
|6 658_150000000000000_ROS
|7 0
|9 16746
|a BRACUL
|b BRACUL
|c GEN
|d 2011-05-25
|g 595.00
|l 9
|m 56
|o 658.15 ROS
|p 3010012962
|r 2017-07-24
|s 2017-06-11
|t 2
|w 2011-05-25
|y BK
|